| 000 | 00413cam a2200181ua 4500 | ||
|---|---|---|---|
| 020 | _c2.50 | ||
| 041 |
_ahin _h |
||
| 082 |
_a891.54 _bSUM/GU |
||
| 100 | _aSumitrananda, Pant. | ||
| 245 |
_aGunjan / _cSumitrananda Pant. _hTextual Documents |
||
| 250 |
_a1 / _b. |
||
| 260 |
_a : _bBharati Bhandar , _c1932. |
||
| 300 | _a107 ; . | ||
| 365 | _a2.50 | ||
| 504 | _a | ||
| 942 | _cBK | ||
| 999 |
_c8048 _d8048 |
||